LEADER 01208nam a2200265 4500 001 000000358910 003 CaOOAMICUS 005 20240716145148.0 008 240716s2021 it 000 u ita r 020 $a978-88-322-0392-9 040 $aSeMil$bita 100 1 $aChittolini, Giorgio,$d<1940-2022>.$0(OLS)http://semarc/name/11015 245 13$aLa Chiesa lombarda :$bricerche sulla storia ecclesiastica dell'Italia padana (secoli 14.-15.) /$cGiorgio Chittolini. 264 1$aMilano :$bScalpendi,$c2021. 300 $a318 p. ;$c23 cm 490 1 $aStoria ;$v1 650 4$aLombardia - Storia ecclesiastica.$0(OLS)http://semarc/subject/5684 650 4$aLombardia - Storia religiosa.$0(OLS)http://semarc/subject/42459 830 0$aStoria ;$v1.$0(OLS)http://semarc/title/425847 850 $aSeMil 852 $aSeMil$W1$xVenegono$y1$m3B IV 215$j249371$B249976$CSeMilBibl$Z2$F249976 $81 996 $6020$a978-88-322-0392-9$9(OLS)http://semarc/number/300692 996 $6245$aLa Chiesa lombarda :$bricerche sulla storia ecclesiastica dell'Italia padana (secoli 14.-15.)$9(OLS)http://semarc/title/449309 996 $6264$aMilano :$bScalpendi$9(OLS)http://semarc/publisher/36006 LEADER 01037nam a2200241 i 4500 001 000000041797 003 CaOOAMICUS 005 20250513123549.0 008 110428s1939 xx u000 u fre u 013 $a12967 040 $aSeMil$bita 100 1 $aJordan, Édouard.$0(OLS)http://semarc/name/10276 245 12$aL'Allemagne et l'Italie aux 12. et 13. siècles /$cpar Édouard Jordan. 300 $aXII, 450 p. 650 4$aGermania - Storia medievale.$0(OLS)http://semarc/subject/8827 650 4$aItalia - Storia - Sec. 12.$0(OLS)http://semarc/subject/2951 650 4$aItalia - Storia - Sec. 13.$0(OLS)http://semarc/subject/2952 773 0 $aGlotz, Gustave <1862-1935>$tHistoire générale.$dParis : Presses Universitaires de France, [194?]$gTome4$w()865 850 $aSeMil 852 $aSeMil$W1$xVenegono$y1$m3WA VI 9$j7952$B7952$CSeMilBibl$Z2$F7952 $81 961 $aOmaggio: Rimoldi mons. Antonio 996 $6245$aL'Allemagne et l'Italie aux 12. et 13. siècles$9(OLS)http://semarc/title/60693